[Event "IND-ch U09 37th"]
[Site "Pune"]
[Date "2024.12.27"]
[Round "1"]
[White "Mani, Sarbartho"]
[Black "Padmesh, CKS"]
[Result "1-0"]
[WhiteElo "1786"]
[BlackElo "1426"]
[PlyCount "111"]
[EventDate "2024.12.27"]
[EventType "swiss"]
[EventRounds "11"]
[EventCountry "IND"]
[SourceTitle "CB02_2025"]
[SourceDate "2025.01.08"]
[SourceVersion "1"]
[SourceVersionDate "2025.01.08"]
[SourceQuality "1"]

1. e4 c6 2. d4 d5 3. Nd2 e6 4. Ngf3 Ne7 5. c3 Ng6 6. Be2 Nd7 7. 0-0 Be7 8. Re1 0-0 9. Bd3 c5 10. e5 cxd4 11. cxd4 Nb6 12. Nf1 Bd7 13. Ne3 Nh4 14. Nxh4 Bxh4 15. Qh5 g6 16. Qe2 Bg5 17. Ng4 Qe7 18. Bxg5 Qxg5 19. Nf6+ Kg7 20. g3 h5 21. f4 Qh6 22. Qd2 Bc6 23. Rac1 Rad8 24. Qa5 Nd7 25. Nxd7 Rxd7 26. Qxa7 h4 27. Rxc6 hxg3 28. hxg3 Rh8 29. Kf2 Qh2+ 30. Ke3 Qxg3+ 31. Kd2 Rh2+ 32. Re2 Qxf4+ 33. Kc2 Rxe2+ 34. Bxe2 bxc6 35. Qxd7 Qxd4 36. Qxc6 Qxe5 37. Qc3 d4 38. Qd3 Qc5+ 39. Kd1 e5 40. Qc4 Qb6 41. b4 e4 42. Bf1 f5 43. Qc5 Qxc5 44. bxc5 Kf6 45. Bc4 Ke7 46. a4 Kd8 47. a5 Kc7 48. a6 Kc6 49. Bd5+ Kxd5 50. a7 Kxc5 51. a8Q Kd6 52. Qg8 Ke5 53. Qg7+ Kf4 54. Qxd4 g5 55. Ke2 g4 56. Qf2+ 1-0